| 000 | 00340nam a2200133Ia 4500 | ||
|---|---|---|---|
| 005 | 20260328101440.0 | ||
| 008 | 260328s9999||||xx |||||||||||||| ||und|| | ||
| 100 | _aDuttmann, Martina | ||
| 245 | 0 |
_aEl Color en la Arquitectura / _cMartina Duttmann |
|
| 260 | _bGustavo Gili | ||
| 300 | _a191 p. | ||
| 650 | _aARQUITECTURA CIVIL | ||
| 942 | _cBK | ||
| 999 |
_c8226 _d8226 |
||